Borders by Image - Statistics

General Stats
  • This quiz has been taken 82 times
  • The average score is 16 of 24
Answer Stats
Hint Answer % Correct
Portugal
88%
Somalia
86%
Spain
86%
Ethiopia
85%
Russia
82%
Mongolia
78%
Algeria
75%
India
72%
Mali
72%
Pakistan
72%
Jordan
65%
Saudi Arabia
64%
South Sudan
63%
Sudan
63%
United States
60%
Brazil
58%
Mexico
58%
South Africa
53%
Laos
50%
Peru
50%
Botswana
49%
Vietnam
47%
Republic of the Congo
44%
Gabon
39%
No matching quizzes found
Score Distribution
Percent of People with Each Score
Percentile by Number Answered
Your Score History
You have not taken this quiz